000 00573nam a22001697a 4500
005 20260324124130.0
008 260324b2025 ec a|||| |||| 00| 0 spa d
040 _aEc-QuCCB
082 _a320.6
_bL961
100 1 _aLuna Osorio, Luis,
_d1943-
_94589
245 _aPropuestas a mi país y el mundo :
_b40 libros y más de 500 boletines de análisis y propuestas
_cLuis Luna Osorio
250 _aPrimera edición
260 _aQuito, Ecuador :
_b[Editor no identificado],
_c2025
300 _a1 volumen (sin paginar)
_bilustraciones;
_c29 cm
590 _apgc
942 _cBK
999 _c83743
_d83743